| 000 | 00656nam a2200229Ia 4500 | ||
|---|---|---|---|
| 003 | OSt | ||
| 005 | 20220926021002.0 | ||
| 006 | a|||||r|||| 00| 0 | ||
| 007 | ta | ||
| 008 | 220923b |||||||| |||| 00| 0 eng d | ||
| 037 | _cGeneral Book | ||
| 040 |
_aRTL _cRTL _beng |
||
| 041 |
_2eng _aeng |
||
| 082 | _aB2816, K6 | ||
| 100 |
_aGirault M _9325514 |
||
| 245 | 0 | _aStochasitc processes | |
| 260 |
_aNew York _bSpringer-verlag berlin heidelberg _c1966 |
||
| 300 |
_aix,125p. _ccm. |
||
| 490 | _aEconometrics and Operations Research. Ed by M Bechman etc.,3 | ||
| 942 |
_hB2816, K6 _cGB _2CC |
||
| 999 |
_c635373 _d635373 |
||